[Event "Outaouais-ch Reserve"]
[Site "Gatineau CAN"]
[Date "2025.04.22"]
[Round "5"]
[White "Filion, Yves"]
[Black "Thibault, Mario"]
[Result "0-1"]
[WhiteElo "1607"]
[BlackElo "1537"]
[WhiteFideId "-1"]
[WhiteFideId "-1"]
[PlyCount "67"]
[GameId "2172360625447795"]
[EventDate "2025.03.25"]
[EventType "swiss"]
[EventRounds "8"]
[EventCountry "CAN"]

1. d4 d6 2. Nf3 Nf6 3. e3 Nbd7 4. Be2 g6 5. b3 Bg7 6. Bb2 O-O 7. O-O b6 8. c4 Bb7 9. Nbd2 Re8 10. Qc2 e5 11. d5 a5 12. e4 Nf8 13. a4 h6 14. Ne1 g5 15. Qd1 Ng6 16. g3 Bc8 17. Bf3 Bh3 18. Bg2 Qd7 19. f3 Nh5 20. f4 Bg4 21. Bf3 Bxf3 22. Qxf3 g4 23. Qe2 exf4 24. Bxg7 f3 25. Qe3 Kxg7 26. Nd3 Ne5 27. Nf2 Nf6 28. Rae1 Rg8 29. Nd3 Rae8 30. Nf4 Kh7 31. Kf2 Rg5 32. Rh1 Ng6 33. h3 gxh3 34. Rxh3 0-1

[Event "Outaouais-ch Reserve"]
[Site "Gatineau CAN"]
[Date "2025.04.22"]
[Round "5"]
[White "Gagne, Learry"]
[Black "Lecorre, Joel"]
[Result "1-0"]
[WhiteElo "1239"]
[BlackElo "1407"]
[WhiteFideId "-1"]
[WhiteFideId "-1"]
[PlyCount "113"]
[GameId "2170502837697555"]
[EventDate "2025.03.25"]
[EventType "swiss"]
[EventRounds "8"]
[EventCountry "CAN"]

1. e4 e6 2. d4 d5 3. exd5 exd5 4. Bd3 Bd6 5. Nf3 Nf6 6. Qe2+ Qe7 7. Qxe7+ Bxe7 8. O-O O-O 9. Bf4 c6 10. Re1 Re8 11. Nbd2 Nbd7 12. c4 Nf8 13. c5 Ne6 14. Be3 b6 15. b4 bxc5 16. bxc5 a5 17. Rab1 Ba6 18. Bxa6 Rxa6 19. Rb2 Ng4 20. Reb1 Nxe3 21. fxe3 Bf6 22. Rb6 Rea8 23. Rb8+ Nd8 24. Rxa8 Rxa8 25. a4 Kf8 26. e4 Be7 27. e5 Ke8 28. Kf2 Ra7 29. g4 Rb7 30. Rxb7 Nxb7 31. h4 h6 32. h5 Kd7 33. Kg3 Ke6 34. Kf4 f6 35. exf6 Bxf6 36. Nb3 Bd8 37. g5 Bc7+ 38. Kg4 Nd8 39. gxh6 gxh6 40. Ne5 Bxe5 41. dxe5 Kxe5 42. Nxa5 d4 43. Nb3 Nb7 44. a5 d3 45. a6 Nxc5 46. a7 Nxb3 47. a8=Q Kd4 48. Qh8+ Kc4 49. Qxh6 d2 50. Qd6 Nd4 51. Qf4 d1=Q+ 52. Kg5 Qg1+ 53. Kf6 Qh1 54. h6 Qd5 55. h7 Qd8+ 56. Kg6 Kc3 57. Qe5 1-0

[Event "Outaouais-ch Reserve"]
[Site "Gatineau CAN"]
[Date "2025.04.22"]
[Round "5"]
[White "Gagne, Raphael"]
[Black "Labelle, Raymond"]
[Result "0-1"]
[WhiteElo "1385"]
[BlackElo "1442"]
[WhiteFideId "-1"]
[WhiteFideId "-1"]
[PlyCount "94"]
[GameId "2170502837697556"]
[EventDate "2025.03.25"]
[EventType "swiss"]
[EventRounds "8"]
[EventCountry "CAN"]

1. e4 e6 2. d4 d5 3. e5 c5 4. c3 Qb6 5. Bd3 Nc6 6. Nf3 Bd7 7. Qb3 Qxb3 8. axb3 cxd4 9. Nxd4 Nxe5 10. Bb5 a6 11. Bxd7+ Nxd7 12. O-O Bd6 13. Re1 Ne5 14. Nxe6 fxe6 15. Bf4 Nf3+ 16. gxf3 Bxf4 17. Rxe6+ Kf7 18. Rb6 Rb8 19. Na3 Nf6 20. Re1 Rhe8 21. Nc2 Rxe1+ 22. Nxe1 Bc7 23. Rb4 a5 24. Rb5 b6 25. Nd3 Re8 26. Kf1 g5 27. h3 Ke6 28. c4 dxc4 29. bxc4 Rd8 30. Ke2 h6 31. c5 Rd5 32. Ke3 Nd7 33. cxb6 Bxb6+ 34. Rxb6+ Nxb6 35. f4 Nd7 36. fxg5 hxg5 37. h4 Kf5 38. hxg5 Kxg5 39. Ke4 Nf6+ 40. Ke3 Rb5 41. f4+ Kf5 42. Kd4 Rb8 43. Kc4 Nh5 44. b4 a4 45. b5 Nxf4 46. Nxf4 Kxf4 47. Kb4 a3 0-1

[Event "Outaouais-ch Reserve"]
[Site "Gatineau CAN"]
[Date "2025.04.22"]
[Round "5"]
[White "Leblanc, Kathleen"]
[Black "Piche, Danielle"]
[Result "0-1"]
[WhiteElo "850"]
[BlackElo "915"]
[WhiteFideId "-1"]
[WhiteFideId "-1"]
[PlyCount "92"]
[GameId "2170502837693454"]
[EventDate "2025.03.25"]
[EventType "swiss"]
[EventRounds "8"]
[EventCountry "CAN"]

1. e4 d5 2. Nc3 c6 3. Nf3 Nf6 4. g3 dxe4 5. Ne5 Nbd7 6. Nc4 b5 7. Ne3 e6 8. Qe2 Ba6 9. Ng4 Qc8 10. d3 exd3 11. Qxd3 b4 12. Qf3 bxc3 13. b3 Bxf1 14. Kxf1 Be7 15. Bf4 Nxg4 16. Qxg4 O-O 17. Bh6 Bf6 18. Ke1 Ne5 19. Qe2 gxh6 20. f4 Ng6 21. Rd1 Rd8 22. Rd3 Qc7 23. h4 Rxd3 24. Qxd3 Rd8 25. Qe4 Qd7 26. Ke2 h5 27. Qf3 Qd2+ 28. Kf1 Qd1+ 29. Kg2 Rd2+ 30. Qf2 Rxf2+ 31. Kxf2 Qxh1 32. g4 hxg4 33. h5 Nxf4 34. h6 Qg2+ 35. Ke3 Nd5+ 36. Kd3 Qf3+ 37. Kc4 Be7 38. Kd4 g3 39. a4 Qe3+ 40. Kc4 g2 41. b4 g1=Q 42. b5 Qg4+ 43. Kb3 cxb5 44. axb5 Qb4+ 45. Ka2 Qa3+ 46. Kb1 Qe1# 0-1

[Event "Outaouais-ch Reserve"]
[Site "Gatineau CAN"]
[Date "2025.04.22"]
[Round "5"]
[White "Perrier, Vincent"]
[Black "Falardeau, Alexandre"]
[Result "1-0"]
[WhiteElo "1309"]
[BlackElo "1225"]
[WhiteFideId "-1"]
[WhiteFideId "-1"]
[PlyCount "37"]
[GameId "2170502837697557"]
[EventDate "2025.03.25"]
[EventType "swiss"]
[EventRounds "8"]
[EventCountry "CAN"]

1. e4 e6 2. d4 d5 3. Nd2 c5 4. Ngf3 Nc6 5. Bb5 Qb6 6. Qe2 Nge7 7. exd5 Nxd5 8. Nc4 Qc7 9. Nce5 Bd7 10. Nxd7 Qxd7 11. c4 Nde7 12. Bf4 f6 13. d5 exd5 14. cxd5 Qxd5 15. Rd1 Qxa2 16. O-O Qa5 17. Bc4 g5 18. Qe6 Rd8 19. Qf7# 1-0

[Event "Outaouais-ch Reserve"]
[Site "Gatineau CAN"]
[Date "2025.04.22"]
[Round "5"]
[White "Thibeault, Alain"]
[Black "Vezina, Yannick"]
[Result "0-1"]
[WhiteElo "1344"]
[BlackElo "1476"]
[WhiteFideId "-1"]
[WhiteFideId "-1"]
[PlyCount "48"]
[GameId "2170502837693453"]
[EventDate "2025.03.25"]
[EventType "swiss"]
[EventRounds "8"]
[EventCountry "CAN"]

1. g4 e5 2. Bg2 c6 3. c4 h6 4. d3 Bc5 5. Nc3 Nf6 6. h3 O-O 7. g5 Nh5 8. gxh6 Bxf2+ 9. Kxf2 Qh4+ 10. Kf1 Ng3+ 11. Ke1 Nxh1+ 12. Kd2 Qg5+ 13. Kc2 Qxg2 14. Be3 d5 15. cxd5 cxd5 16. d4 Bf5+ 17. Kb3 Nf2 18. Qd2 Ne4 19. Nxe4 Qxe4 20. hxg7 Rc8 21. Rc1 Nc6 22. a3 Na5+ 23. Ka2 Rxc1 24. Qxc1 Rc8 0-1

[Event "Outaouais-ch Reserve"]
[Site "Gatineau CAN"]
[Date "2025.04.22"]
[Round "5"]
[White "Viel, Simon"]
[Black "Tsanov, Denise"]
[Result "1-0"]
[WhiteElo "1502"]
[BlackElo "1138"]
[WhiteFideId "-1"]
[WhiteFideId "-1"]
[PlyCount "69"]
[GameId "2170502837697554"]
[EventDate "2025.03.25"]
[EventType "swiss"]
[EventRounds "8"]
[EventCountry "CAN"]

1. e4 g6 2. d4 Bg7 3. Nc3 d6 4. Be3 Nf6 5. Nf3 O-O 6. Bc4 Nc6 7. Qd2 Ng4 8. Bg5 h6 9. h3 Nxf2 10. Qxf2 hxg5 11. Nxg5 Bf6 12. Nxf7 Rxf7 13. Bxf7+ Kxf7 14. O-O-O Kg7 15. e5 Bg5+ 16. Kb1 Bd7 17. h4 Bh6 18. exd6 cxd6 19. d5 Ne5 20. Ne4 Bf5 21. Ng5 Bxg5 22. hxg5 Rc8 23. Rd2 b6 24. Qh4 Qh8 25. Qe1 Qg8 26. Qd1 Nc4 27. Re2 Qf8 28. Qd4+ Ne5 29. Rxe5 dxe5 30. Qxe5+ Kf7 31. Rh7+ Ke8 32. Rh8 Bxc2+ 33. Ka1 Be4 34. Rxf8+ Kxf8 35. Qh8+ 1-0

[Event "Outaouais-ch Reserve"]
[Site "Gatineau CAN"]
[Date "2025.04.29"]
[Round "6"]
[White "Bergeron-Collin, Laurent"]
[Black "Arcand, Pierre"]
[Result "0-1"]
[WhiteElo "1173"]
[BlackElo "1266"]
[WhiteFideId "-1"]
[WhiteFideId "-1"]
[PlyCount "150"]
[GameId "2173553430481334"]
[EventDate "2025.03.25"]
[EventType "swiss"]
[EventRounds "8"]
[EventCountry "CAN"]

1. c4 e5 2. Nc3 Nf6 3. Nf3 Nc6 4. e3 d6 5. h3 Be7 6. d4 exd4 7. exd4 d5 8. Qd2 Ne4 9. Qe3 Nxc3 10. bxc3 O-O 11. Bd3 Re8 12. O-O Bf6 13. Qf4 dxc4 14. Bxc4 Be6 15. Bd3 Bd5 16. Bd2 Bxf3 17. Qxf3 g6 18. Bc4 Rf8 19. g3 Bg5 20. Qd3 Bxd2 21. Qxd2 Ne5 22. Be2 Qd5 23. f4 Nc4 24. Qd3 Nd6 25. Bf3 Qe6 26. g4 c6 27. d5 cxd5 28. Bxd5 Qd7 29. f5 Qb5 30. c4 Qc5+ 31. Kg2 Kh8 32. f6 Rae8 33. Qd2 Qe3 34. Qb4 Ne4 35. Bxe4 Qxe4+ 36. Kg1 Qe3+ 37. Kg2 Qe4+ 38. Kg1 Qe3+ 39. Rf2 Qxh3 40. Re1 Qxg4+ 41. Kf1 Qh3+ 42. Kg1 Rxe1+ 43. Qxe1 Qg4+ 44. Rg2 Qxc4 45. Qe7 Qc8 46. Rc2 Qg4+ 47. Kh1 Qd1+ 48. Kh2 Qxc2+ 49. Kg3 Qc8 50. Kf4 Kg8 51. Kg5 Qf5+ 52. Kh4 h5 53. Kg3 Qe6 54. Kf4 Qxe7 55. fxe7 Re8 56. Kg5 Rxe7 57. Kf6 Re1 58. a4 a6 59. a5 Rg1 60. Ke7 h4 61. Kd7 h3 62. Kc7 Rb1 63. Kb8 h2 64. Ka7 h1=Q 65. Ka8 Qd1 66. Ka7 Qd4+ 67. Kb8 b6 68. Ka8 Qd8+ 69. Ka7 Qc7+ 70. Ka8 Qe7 71. axb6 Qd8+ 72. Kb7 Qxb6+ 73. Kc8 Rc1+ 74. Kd7 Rc7+ 75. Ke8 Qb8# 0-1

[Event "Outaouais-ch Reserve"]
[Site "Gatineau CAN"]
[Date "2025.04.29"]
[Round "6"]
[White "Blais, Robert"]
[Black "Bolduc, Christian"]
[Result "1-0"]
[Annotator "hugh_"]
[WhiteElo "1319"]
[BlackElo "1095"]
[WhiteFideId "-1"]
[WhiteFideId "-1"]
[PlyCount "68"]
[GameId "2173553430481332"]
[EventDate "2025.03.25"]
[EventType "swiss"]
[EventRounds "8"]
[EventCountry "CAN"]

{[%evp 0,68,19,23,2,-5,-11,-6,-83,-18,-3,-17,-14,-53,-14,-42,-49,-69,-51,-62,-37,-43,-11,-11,5,24,21,33,39,-70,-59,-53,-71,-72,81,-45,44,-120,29,-47,-34,-43,-22,-38,-50,99,259,55,51,29,52,-209,-257,-316,-202,-121,286,335,399,177,204,254,308,301,296,234,228,-304,658,668,680]} 1. c4 e5 2. e4 Nf6 3. d3 Nc6 4. Nf3 Bc5 5. Bg5 h6 6. Bh4 g5 7. Bg3 d6 8. h3 Be6 9. Nc3 a6 10. a3 Qd7 11. Be2 O-O-O 12. b4 Bd4 13. Qd2 g4 14. Ng1 h5 15. Bh4 Qe7 16. Rc1 Rhg8 17. g3 Rg6 18. f4 Qd7 19. Nd5 Bxd5 20. cxd5 Ne7 21. Bd1 Re8 22. Ne2 Ba7 23. Rf1 gxh3 24. f5 Ng4 25. d4 Rgg8 26. Rc3 Nh2 27. Rh1 Nf3+ 28. Rxf3 Qb5 29. Rc3 Rg4 30. Bc2 Ng8 31. Bd3 Qb6 32. a4 exd4 33. a5 Qxb4 34. Rxc7+ Kxc7 1-0

[Event "Outaouais-ch Reserve"]
[Site "Gatineau CAN"]
[Date "2025.04.29"]
[Round "6"]
[White "Chenard, Paul"]
[Black "Leblanc, Kathleen"]
[Result "1-0"]
[WhiteElo "946"]
[BlackElo "850"]
[WhiteFideId "-1"]
[WhiteFideId "-1"]
[PlyCount "47"]
[GameId "2173553430473136"]
[EventDate "2025.03.25"]
[EventType "swiss"]
[EventRounds "8"]
[EventCountry "CAN"]

1. e4 e5 2. Nf3 Nf6 3. Bd3 d5 4. Nxe5 Qe7 5. f4 Bd7 6. Nc3 Nc6 7. exd5 Nxe5 8. O-O Qc5+ 9. Kh1 Nxd3 10. Qe2+ Be7 11. Qxd3 Ng4 12. Ne4 Qb6 13. c4 Qh6 14. h3 Ne5 15. fxe5 b6 16. Qf3 f6 17. d4 f5 18. Bxh6 gxh6 19. e6 Bc8 20. Qh5+ Kd8 21. Rxf5 Ba6 22. Qf7 c6 23. dxc6 Bh4 24. Qd7# 1-0

[Event "Outaouais-ch Reserve"]
[Site "Gatineau CAN"]
[Date "2025.04.29"]
[Round "6"]
[White "Desroches, Maxime"]
[Black "Bourbeau, Florent"]
[Result "1/2-1/2"]
[WhiteElo "1324"]
[BlackElo "1553"]
[WhiteFideId "-1"]
[WhiteFideId "-1"]
[PlyCount "65"]
[GameId "2173553430473134"]
[EventDate "2025.03.25"]
[EventType "swiss"]
[EventRounds "8"]
[EventCountry "CAN"]

1. Nf3 Nf6 2. g3 g6 3. Bg2 Bg7 4. d3 O-O 5. O-O c5 6. Nbd2 Nc6 7. e4 e6 8. c3 b5 9. Re1 b4 10. Nb3 c4 11. dxc4 bxc3 12. bxc3 Ba6 13. Nbd4 Bxc4 14. Nd2 Ba6 15. Ba3 Re8 16. Qa4 Nxd4 17. cxd4 Bb7 18. e5 Bxg2 19. Kxg2 Nd5 20. Ne4 Bf8 21. Bxf8 Rxf8 22. Rec1 f5 23. Nd6 f4 24. Rab1 Qg5 25. Qxd7 fxg3 26. hxg3 Rxf2+ 27. Kxf2 Rf8+ 28. Kg2 Ne3+ 29. Kh1 Qh5+ 30. Kg1 Qh3 31. Qb7 Qxg3+ 32. Kh1 Qh3+ 33. Kg1 1/2-1/2

[Event "Outaouais-ch Reserve"]
[Site "Gatineau CAN"]
[Date "2025.04.29"]
[Round "6"]
[White "Falardeau, Alexandre"]
[Black "Thibeault, Alain"]
[Result "1/2-1/2"]
[WhiteElo "1225"]
[BlackElo "1344"]
[WhiteFideId "-1"]
[WhiteFideId "-1"]
[PlyCount "79"]
[GameId "2173553430485431"]
[EventDate "2025.03.25"]
[EventType "swiss"]
[EventRounds "8"]
[EventCountry "CAN"]

1. e4 c5 2. c3 Nc6 3. d4 cxd4 4. cxd4 d6 5. Nc3 e5 6. d5 Nd4 7. Nge2 Nxe2 8. Bxe2 Nf6 9. O-O Be7 10. h3 O-O 11. Be3 a6 12. a4 Qc7 13. Rc1 Qb8 14. f4 Bd7 15. b4 b5 16. a5 Qb7 17. Kh2 Rac8 18. Bd3 h5 19. f5 g6 20. g4 hxg4 21. hxg4 Kg7 22. Rh1 Rh8+ 23. Kg3 Rxh1 24. Qxh1 Rh8 25. Qg2 Qb8 26. Rh1 Qc8 27. Bd2 Qg8 28. Rh3 Kf8 29. Qf2 Nxg4 30. Rxh8 Qxh8 31. Kxg4 gxf5+ 32. exf5 Qg7+ 33. Kf3 f6 34. Qa7 Be8 35. Qxa6 Bh5+ 36. Kf2 Qg4 37. Be4 Qh4+ 38. Kf1 Qh3+ 39. Kg1 Qg3+ 40. Kf1 1/2-1/2

[Event "Outaouais-ch Reserve"]
[Site "Gatineau CAN"]
[Date "2025.04.29"]
[Round "6"]
[White "Gagne, Raphael"]
[Black "Viel, Simon"]
[Result "0-1"]
[WhiteElo "1385"]
[BlackElo "1502"]
[WhiteFideId "-1"]
[WhiteFideId "-1"]
[PlyCount "45"]
[GameId "2173553430481331"]
[EventDate "2025.03.25"]
[EventType "swiss"]
[EventRounds "8"]
[EventCountry "CAN"]

1. e4 c6 2. d4 d5 3. exd5 cxd5 4. Bd3 Nc6 5. c3 Nf6 6. Bf4 Bg4 7. Qc2 e6 8. Nd2 Bd6 9. Bg3 Bh5 10. Ngf3 Qc7 11. O-O Bg6 12. Bxd6 Qxd6 13. Rfe1 Nh5 14. Bf5 O-O-O 15. Bxg6 hxg6 16. Ng5 Qf4 17. Ndf3 Rde8 18. b4 Qc7 19. Qb3 Nf6 20. a4 Nh7 21. c4 Nxg5 22. Nxg5 Qxh2+ 23. Kf1 0-1

[Event "Outaouais-ch Reserve"]
[Site "Gatineau CAN"]
[Date "2025.04.29"]
[Round "6"]
[White "Lecorre, Joel"]
[Black "Collin, Achille"]
[Result "0-1"]
[WhiteElo "1407"]
[BlackElo "1358"]
[WhiteFideId "-1"]
[WhiteFideId "-1"]
[PlyCount "92"]
[GameId "2173553430481333"]
[EventDate "2025.03.25"]
[EventType "swiss"]
[EventRounds "8"]
[EventCountry "CAN"]

1. e4 d6 2. d4 Nf6 3. Bd3 g6 4. Nd2 Bg7 5. Ngf3 Bg4 6. h3 Bxf3 7. Nxf3 Nbd7 8. Be3 e5 9. c3 exd4 10. cxd4 O-O 11. Qc2 c5 12. d5 Re8 13. O-O Rc8 14. Nd2 c4 15. Be2 a6 16. Rac1 b5 17. Bf3 Nc5 18. Bxc5 Rxc5 19. b4 cxb3 20. Qxb3 Rxc1 21. Rxc1 Bh6 22. Rc2 Bxd2 23. Rxd2 Nxe4 24. Bxe4 Rxe4 25. Qf3 Qe7 26. g3 a5 27. Qd3 Re1+ 28. Kg2 Qe4+ 29. Qxe4 Rxe4 30. f3 Rc4 31. Kf2 b4 32. Ke3 a4 33. Rd4 Rc2 34. Rd2 Rxd2 35. Kxd2 Kg7 36. Kd3 Kf6 37. Kc4 b3 38. axb3 axb3 39. Kxb3 Ke5 40. Kc3 Kxd5 41. Kd3 g5 42. f4 gxf4 43. gxf4 f5 44. Ke3 h5 45. h4 Kc4 46. Ke2 d5 0-1

[Event "Outaouais-ch Reserve"]
[Site "Gatineau CAN"]
[Date "2025.04.29"]
[Round "6"]
[White "Piche, Danielle"]
[Black "Gregoire, Guy"]
[Result "1-0"]
[WhiteElo "915"]
[BlackElo "1168"]
[WhiteFideId "-1"]
[WhiteFideId "-1"]
[PlyCount "87"]
[GameId "2173553430477234"]
[EventDate "2025.03.25"]
[EventType "swiss"]
[EventRounds "8"]
[EventCountry "CAN"]

1. e4 e5 2. Nf3 Nc6 3. d4 Nf6 4. d5 Nd4 5. Be3 Bc5 6. Nxe5 O-O 7. Bxd4 Bxd4 8. Qxd4 d6 9. Nf3 Re8 10. Bd3 Bd7 11. c4 c6 12. Nc3 c5 13. Qe3 Qb6 14. b3 Qd8 15. O-O Ng4 16. Qd2 Qf6 17. h3 Ne5 18. Nxe5 Rxe5 19. Rad1 Rh5 20. Rfe1 Qg6 21. e5 Bxh3 22. Bxg6 hxg6 23. gxh3 dxe5 24. d6 f6 25. Ne4 Kf8 26. Nxc5 Ke8 27. d7+ Ke7 28. f4 b6 29. Nb7 Rxh3 30. d8=Q+ Rxd8 31. Qxd8+ Ke6 32. Rd6+ Kf5 33. Qc8+ Kxf4 34. Qxh3 g5 35. Qe3+ Kg4 36. Qe4+ Kh5 37. Rd8 g4 38. Rh8+ Kg5 39. Qe3+ Kg6 40. Re2 f5 41. Qxe5 Kg5 42. Reh2 g3 43. R2h5+ Kg4 44. Qxf5# 1-0

[Event "Outaouais-ch Reserve"]
[Site "Gatineau CAN"]
[Date "2025.04.29"]
[Round "6"]
[White "Seguin, Hubert"]
[Black "Filion, Yves"]
[Result "1-0"]
[WhiteElo "1542"]
[BlackElo "1607"]
[WhiteFideId "-1"]
[WhiteFideId "-1"]
[PlyCount "105"]
[GameId "2173553430473135"]
[EventDate "2025.03.25"]
[EventType "swiss"]
[EventRounds "8"]
[EventCountry "CAN"]

1. e4 d5 2. exd5 Qxd5 3. Nc3 Qd8 4. d4 Nf6 5. Nf3 Bf5 6. Be2 e6 7. Nh4 Be4 8. Nxe4 Nxe4 9. Nf3 Bb4+ 10. c3 Be7 11. O-O O-O 12. Qc2 Ng5 13. Re1 Nxf3+ 14. Bxf3 c6 15. Qe4 Nd7 16. Qg4 Nf6 17. Qh3 Qc7 18. Bg5 Nd5 19. Bxd5 cxd5 20. Re5 f6 21. Qxe6+ Rf7 22. Rf5 Bd6 23. g3 fxg5 24. Rxf7 Qxf7 25. Qxd6 Rf8 26. Rf1 h5 27. f4 h4 28. Re1 gxf4 29. Qe6 Qxe6 30. Rxe6 fxg3 31. hxg3 hxg3 32. Re7 Kh7 33. Re2 Rf4 34. Kg2 Rg4 35. Re5 Re4 36. Rxe4 dxe4 37. Kxg3 e3 38. Kf3 e2 39. Kxe2 Kg6 40. Kf2 Kf5 41. Kf3 g5 42. c4 a6 43. a3 b6 44. b3 g4+ 45. Kg3 Ke4 46. d5 Ke5 47. Kxg4 b5 48. Kg5 bxc4 49. bxc4 a5 50. Kg6 a4 51. Kf7 Kd6 52. Kf6 Kd7 53. c5 1-0

[Event "Outaouais-ch Reserve"]
[Site "Gatineau CAN"]
[Date "2025.04.29"]
[Round "6"]
[White "Thibault, Mario"]
[Black "Labelle, Raymond"]
[Result "0-1"]
[WhiteElo "1537"]
[BlackElo "1442"]
[WhiteFideId "-1"]
[WhiteFideId "-1"]
[PlyCount "50"]
[GameId "2173553430469037"]
[EventDate "2025.03.25"]
[EventType "swiss"]
[EventRounds "8"]
[EventCountry "CAN"]

1. e4 e6 2. Qe2 Nc6 3. Nf3 e5 4. d3 h6 5. c3 d6 6. h3 Nf6 7. Be3 d5 8. Qc2 d4 9. Bd2 Bd6 10. Be2 Qe7 11. cxd4 Nxd4 12. Nxd4 exd4 13. Qa4+ Bd7 14. Qxd4 Be5 15. Qc4 Bxb2 16. Bc3 Bxa1 17. Bxa1 Be6 18. Qc2 O-O 19. O-O Rac8 20. Bc3 c5 21. a3 b5 22. Qb2 a6 23. Nd2 Rb8 24. d4 b4 25. axb4 cxb4 0-1

[Event "Outaouais-ch Reserve"]
[Site "Gatineau CAN"]
[Date "2025.04.29"]
[Round "6"]
[White "Tsanov, Denise"]
[Black "Perrier, Vincent"]
[Result "0-1"]
[WhiteElo "1138"]
[BlackElo "1309"]
[WhiteFideId "-1"]
[WhiteFideId "-1"]
[PlyCount "85"]
[GameId "2173553430485432"]
[EventDate "2025.03.25"]
[EventType "swiss"]
[EventRounds "8"]
[EventCountry "CAN"]

1. c4 Nf6 2. Nc3 g6 3. g3 d5 4. cxd5 Nxd5 5. Bg2 Be6 6. e4 Nxc3 7. bxc3 Bg7 8. e5 Bd5 9. Nf3 Bxe5 10. Nxe5 Bxg2 11. Rg1 Qd5 12. Qa4+ b5 13. Qf4 Qe4+ 14. Qxe4 Bxe4 15. d3 Bd5 16. c4 f6 17. cxd5 fxe5 18. Bb2 c6 19. Bxe5 Rf8 20. Bxb8 Rxb8 21. dxc6 Rc8 22. Rc1 Rf6 23. c7 Kd7 24. Ke2 e5 25. Rgd1 Rxc7 26. Rxc7+ Kxc7 27. Ke3 a5 28. Rc1+ Rc6 29. Rxc6+ Kxc6 30. f4 exf4+ 31. gxf4 h6 32. Kd4 g5 33. f5 h5 34. f6 b4 35. Kc4 Kd7 36. Kb5 h4 37. f7 Ke7 38. Kxa5 g4 39. d4 g3 40. hxg3 hxg3 41. Kxb4 g2 42. a4 g1=Q 43. a5 {Partie extrêmement diffile à déchiffrer. Les Noirs remportent finalement la victoire} 0-1

[Event "Outaouais-ch Reserve"]
[Site "Gatineau CAN"]
[Date "2025.04.29"]
[Round "6"]
[White "Vezina, Yannick"]
[Black "Rioux, Jocelyn"]
[Result "1-0"]
[WhiteElo "1476"]
[BlackElo "1600"]
[WhiteFideId "-1"]
[WhiteFideId "-1"]
[PlyCount "82"]
[GameId "2173553430477233"]
[EventDate "2025.03.25"]
[EventType "swiss"]
[EventRounds "8"]
[EventCountry "CAN"]

1. d4 d5 2. Nf3 Nf6 3. e3 Bg4 4. h3 Bh5 5. g4 Bg6 6. Ne5 e6 7. h4 h6 8. Nxg6 fxg6 9. Bd3 Ne4 10. Nd2 g5 11. Nxe4 dxe4 12. Bxe4 c6 13. Bg6+ Kd7 14. h5 Bd6 15. e4 Kc7 16. Be3 e5 17. d5 cxd5 18. Qxd5 Bb4+ 19. c3 Qxd5 20. exd5 Bd6 21. O-O-O Nd7 22. c4 b6 23. a3 Rhf8 24. b4 a5 25. Bf5 axb4 26. axb4 Bxb4 27. d6+ Bxd6 28. Rxd6 Kxd6 29. Rd1+ Kc6 30. Bxd7+ Kc7 31. Bf5 Ra1+ 32. Kc2 Rxd1 33. Kxd1 Rxf5 34. gxf5 Kc6 35. f3 b5 36. cxb5+ Kxb5 37. Bxg5 Kc6 38. Be7 Kd7 39. Bf8 Ke8 40. Bxg7 Kf7 41. Bxe5 Ke7 1-0

[Event "Outaouais-ch Reserve"]
[Site "Gatineau CAN"]
[Date "2025.05.06"]
[Round "7"]
[White "Arcand, Pierre"]
[Black "Tsanov, Denise"]
[Result "0-1"]
[WhiteElo "1266"]
[BlackElo "1138"]
[WhiteFideId "-1"]
[WhiteFideId "-1"]
[PlyCount "100"]
[GameId "2176656317437599"]
[EventDate "2025.03.25"]
[EventType "swiss"]
[EventRounds "8"]
[EventCountry "CAN"]

1. e4 g6 2. Nf3 Bg7 3. Nc3 d6 4. Bb5+ c6 5. Be2 Nf6 6. O-O e5 7. d3 Be6 8. Bg5 h6 9. Bd2 Nbd7 10. d4 Qb6 11. dxe5 dxe5 12. Rb1 Nc5 13. Be3 Ng4 14. Bxc5 Qxc5 15. Nd2 Nf6 16. Nb3 Bxb3 17. axb3 Qb4 18. Bd3 Rd8 19. Qf3 O-O 20. Ra1 a6 21. Ra4 Qe7 22. Rfa1 Nd7 23. h3 Nc5 24. R4a3 Nxd3 25. cxd3 Qd6 26. Rd1 Rd7 27. Na4 b5 28. Nb6 Ra7 29. Rda1 Rb8 30. Rxa6 Rxa6 31. Rxa6 c5 32. Ra8 Qxb6 33. Rxb8+ Qxb8 34. Qe3 Qd6 35. Qd2 Qe6 36. Qc3 Bf8 37. Kf1 f5 38. exf5 Qxf5 39. Qd2 Qd7 40. Ke2 Qd5 41. Qe3 Qxg2 42. Qxe5 Qxh3 43. Qd5+ Kh8 44. Qe5+ Kh7 45. Qf4 Qe6+ 46. Qe4 Qxe4+ 47. dxe4 h5 48. Kd2 Bd6 49. Ke2 h4 50. Kf3 h3 0-1

[Event "Outaouais-ch Reserve"]
[Site "Gatineau CAN"]
[Date "2025.05.06"]
[Round "7"]
[White "Arsenault, Michel"]
[Black "Thibault, Mario"]
[Result "0-1"]
[WhiteElo "1781"]
[BlackElo "1537"]
[WhiteFideId "-1"]
[WhiteFideId "-1"]
[PlyCount "54"]
[GameId "2176656317408925"]
[EventDate "2025.03.25"]
[EventType "swiss"]
[EventRounds "8"]
[EventCountry "CAN"]

1. c4 e5 2. g3 d6 3. Bg2 f5 4. e3 Nf6 5. Nc3 Be7 6. Nge2 O-O 7. d4 c6 8. O-O Qe8 9. b3 Qh5 10. Qd2 g5 11. f4 Ng4 12. h3 Nh6 13. Ba3 e4 14. fxg5 Qxg5 15. b4 Nd7 16. b5 Nf6 17. Bc1 Rf7 18. Qe1 Nh5 19. Kh2 Rg7 20. Rh1 Qg6 21. Bd2 Bh4 22. Rg1 Nxg3 23. Bh1 Ng4+ 24. hxg4 Qh6 25. Nxg3 Rxg4 26. Qe2 Bxg3+ 27. Kg2 Bh2+ 0-1

[Event "Outaouais-ch Reserve"]
[Site "Gatineau CAN"]
[Date "2025.05.06"]
[Round "7"]
[White "Blais, Robert"]
[Black "Rhayem, Haythem"]
[Result "0-1"]
[WhiteElo "1319"]
[BlackElo "1452"]
[WhiteFideId "-1"]
[WhiteFideId "-1"]
[PlyCount "66"]
[GameId "2176656317449888"]
[EventDate "2025.03.25"]
[EventType "swiss"]
[EventRounds "8"]
[EventCountry "CAN"]

1. e4 c6 2. d4 d5 3. e5 Bf5 4. Bd3 Bxd3 5. Qxd3 e6 6. Be3 Nd7 7. Nf3 Ne7 8. O-O Nf5 9. Nbd2 c5 10. dxc5 Nxe3 11. Qxe3 Bxc5 12. Qb3 Qc7 13. Rfe1 O-O 14. c3 a5 15. Qc2 b5 16. Nb3 Bb6 17. Rac1 Rac8 18. Re2 Qb8 19. Qd3 a4 20. Nbd4 b4 21. Nb5 Nc5 22. Qc2 b3 23. Qb1 bxa2 24. Qxa2 Nd3 25. Rd1 Nxf2 26. Rxf2 Bxf2+ 27. Kxf2 Qxb5 28. Rd4 Rc7 29. Qb1 a3 30. Rb4 Qc5+ 31. Kg3 a2 32. Qd3 a1=Q 33. Ng5 Qe1+ 0-1